000
00257nam a22001097a 4500
008
230626b xxu||||| |||| 00| 0 eng d
082
_a
338.09
_b
YEF
245
_a
Soviet Industry
260
_a
Moscow
_b
Progress Publishers
300
_a
266p
942
_2
ddc
_c
BK
999
_c
2780
_d
2780